Statistics for Countries by a Single Word #2

Click here to take the quiz!

General Stats

  • This quiz has been taken 215 times
  • The average score is 14 of 20

Answer Stats

ClueCountry% Correct
OktoberfestGermany
97%
FjordNorway
96%
MozartAustria
95%
PompeiiItaly
95%
BaseballUnited States
94%
SomalilandSomalia
90%
SaigonVietnam
83%
UsainJamaica
82%
CarthageTunisia
81%
SherpaNepal
74%
MadeiraPortugal
74%
VegemiteAustralia
72%
KinshasaD.R. Congo
72%
ZionIsrael
72%
ErdoganTurkey
67%
CuzcoPeru
65%
GuadalcanalSolomon Islands
24%
JucheNorth Korea
19%
TicosCosta Rica
16%
TitanoSan Marino
11%

Score Distribution

Percentile by Number Answered

Percent of People with Each Score

Your Score History

You have not taken this quiz